Central Library OPAC University of Rajshahi

বাউল কবি লালন শাহ / (Record no. 41332)

MARC details
000 -LEADER
fixed length control field 00959nam a2200253 a 4500
001 - CONTROL NUMBER
control field 41332
003 - CONTROL NUMBER IDENTIFIER
rucl marc code BD-RjUL
005 - DATE AND TIME OF LATEST TRANSACTION
control field 20211209053352.0
008 - FIXED-LENGTH DATA ELEMENTS--GENERAL INFORMATION
fixed length control field 160529s1966 bg ||||| b||| 00| 0 ben d
020 ## - INTERNATIONAL STANDARD BOOK NUMBER
Terms of availability : PRs 8.00
035 ## - SYSTEM CONTROL NUMBER
System control number (BD-RjUL)41449
040 ## - CATALOGING SOURCE
Original cataloging agency BD-RjUL
Language of cataloging ben
Transcribing agency BD-RjUL
041 ## - LANGUAGE CODE
Language code of text/sound track or separate title ben
082 ## - DEWEY DECIMAL CLASSIFICATION NUMBER
Edition number 23
Author mark and year KAB 1963
Classification number 891.4413
100 1# - MAIN ENTRY--PERSONAL NAME
Personal name করিম, আনোয়ারুল
9 (RLIN) 125079
245 10 - TITLE STATEMENT
Title বাউল কবি লালন শাহ /
Statement of responsibility, etc. আনোয়ারুল করিম
250 ## - EDITION STATEMENT
Edition statement ২য় পরিবর্ধিত সং.
260 ## - PUBLICATION, DISTRIBUTION, ETC. (IMPRINT)
Place of publication, distribution, etc. ঢাকা :
Name of publisher, distributor, etc. নওরোজ কিতাবিস্তান,
Date of publication, distribution, etc. ১৯৬৬
300 ## - PHYSICAL DESCRIPTION
Pagination [১২], ৩২০, [২০] পৃ. ;
Size ২১ সেমি.
504 ## - BIBLIOGRAPHY, ETC. NOTE
Bibliography, etc গ্রন্থপঞ্জী সংযুক্ত
600 ## - SUBJECT ADDED ENTRY--PERSONAL NAME
Personal name লালন শাহ
Dates associated with a name ১৭৭৪-১৮৯০
Personal name Lalana Saha
Dates associated with a name 1774-1890
942 ## - ADDED ENTRY ELEMENTS (KOHA)
Source of classification or shelving scheme Dewey Decimal Classification
Koha item type Books
Holdings
Lost status Source of classification or shelving scheme Damaged status Not for loan Collection code Permanent Location Current Location Shelving location Date acquired Source of acquisition Cost, normal purchase price Total Checkouts Full call number Date last seen Copy number Koha item type Date checked out
  Dewey Decimal Classification     Non-fiction Central Library, University of Rajshahi Central Library, University of Rajshahi   15/12/1966 Nawroge Kitabstan, Dhaka 8.00   B 891.4413 KAB 1966 29/05/2016 C-2 Books  
  Dewey Decimal Classification     Non-fiction Central Library, University of Rajshahi Central Library, University of Rajshahi   27/06/1957 Lekhok 8.00   B 891.4413 KAB 1966 29/05/2016 C-3 Books  
  Dewey Decimal Classification     Non-fiction Central Library, University of Rajshahi Central Library, University of Rajshahi   26/06/1970 Pakistan Book car, Dhaka 4.00   B 891.4413 KAB 1966 02/06/2016 C-4 Books  
  Dewey Decimal Classification     Non-fiction Central Library, University of Rajshahi Central Library, University of Rajshahi   09/07/1990 paragon enterprize, Dhaka 8.00   B 891.4413 KAB 1966 02/06/2016 C-5 Books  
  Dewey Decimal Classification     Non-fiction Central Library, University of Rajshahi Central Library, University of Rajshahi   15/12/1966 Nowrose kitabitan, Dhaka. 8.00 2 B 891.4413 KAB 1966 04/09/2023 C-6 Books 21/08/2023
  Dewey Decimal Classification     Non-fiction Central Library, University of Rajshahi Central Library, University of Rajshahi   26/06/1970 Pakistan book cor. Dhaka. 8.00   B 891.4413 KAB 1966 02/06/2016 C-7 Books  
  Dewey Decimal Classification     Non-fiction Central Library, University of Rajshahi Central Library, University of Rajshahi   26/06/1970 Pakistan Book Cor. Dhaka 4.00 5 B 891.4413 KAB 1966 06/06/2023 C-8 Books 05/06/2023
  Dewey Decimal Classification     Non-fiction Central Library, University of Rajshahi Central Library, University of Rajshahi   12/07/1968 Nowrage Kitab Bistan, Dhaka 4.00   B 891.4413 KAB 1966 02/06/2016 C-9 Books  
  Dewey Decimal Classification     Non-fiction Central Library, University of Rajshahi Central Library, University of Rajshahi   15/01/1965 Dhaka: Ideal Library 3.00   B 891.4413 KAB 1963 07/06/2016 C-10 Books  
  Dewey Decimal Classification   Not For Loan Fiction Central Library, University of Rajshahi Central Library, University of Rajshahi Reading Room 15/01/1965 Dhaka: ideal library 3.00   B 891.4413 KAB 1963 07/06/2016 C-1 Books  
  Dewey Decimal Classification     Non-fiction Central Library, University of Rajshahi Central Library, University of Rajshahi General Stacks 13/07/1968 Nourose kitabistan 4.00   B 891.4413 KAB 1966 03/11/2022 C-11 Books